000 01200njm a2200313Ia 4500
001 40035
003 IT-RoPAU
005 20220918181203.0
008 131025s9999 xx 000 0 und d
040 _aIT-RoPAU
040 _cIT-RoPAU
041 _aITALIANO
999 _c103152
_d103152
999 _bn.d.
100 _aVerdi Giuseppe
_920552
100 _eAutore musica
_920553
100 _gCodice autore musica SPICS: 89
_920554
245 _aUn ballo in maschera
250 _a1a ed.
260 _aALBANO
260 _bEP - MUSICALI E DISCOGRAFICHE
_c1969 [1a Ed.:1969 - Ed. Lingua Orig.: 1859]
300 _aDISCO
300 _c (Testo: 8 pag.)
500 _aMusica classica. Musica operistica. Musica lirica. Melodramma lirico in tre atti
505 _aBrani dell'opera: La rivedrò nell'estasi; Alla vita che t'arride; Re dell'abisso; E' scherzo od è follia; Morrò ma prima in grazia; Eri tu che macchiavi quell'anima; Ma se m'è forza perderti; Ella è pura
511 _aOrchestra dell'Opera Lirica di Roma diretta da Brizio E.
650 _aOPERA [DISCHI]
_eCodice MATERIA SPICS: 9950
_9961
700 _aSomma Antonio
_eAutore testo
_gCodice autore testo SPICS: 1129
_920555
942 _cMD
_2ddc